00820nam a2200241 a 4500001001000000003000500010005001700015008004100032010001100073011001100084020001800095040000900113082001600122245013200138260003800270300001100308490005900319600002700378650004400405650002900449700004100478830005900519000116205CHAP20220329144605.0191007s2014 mx |r| ||||||spa d a112666 a113638 a9786074511017 cCHAP04a378.12bL1100aLaberintos y enjuegos :b(re) encuentros con Eduardo Ibarra Colado /ccoordinado por Angélica Buendía Espinosa ...[et al.]. aMéxico, D.F. :bANUIES.,c2014. a266 P. aBiblioteca de la educación superiorpInvestigaciones17aIbarra Colado, Eduardo14aEducación superiorxAdministración.14aMaestros universitarios.1 aBuendia Espinosa, Angélicaecoord. 0aBiblioteca de la educación superiorpInvestigaciones